1723 1400 1390 1356 1451 1677 1043 1853 1707 1287 1749 1472 1141 1305 1128 1240 1262 1352 1504 1296 1954 1954 1566 1655 1994 1785 1027 1445 1828 1269 1918 1807 1150 1831 1867 1610 1100 1819 1368 1940 1415 1103 1983 1611 1300 1766 1390 1397 1730 1196 1355 1418 1369 1122 1710 1098 1786 1567 1751 1578 1057 1268 1915 1990 1893 1242 1992 1704 1897 1097 1888 1732 1398 1442 1475 1199 1363 1981 1132 1923 1155 1272 1825 1506 1803 1328 1800 1365 1358 1347 1828 1365 1013 1468 1316 1170 1556 1618 1420 BCNSPRNW ULIB Ver.6.0+V

เปลี่ยนเป็นภาษาไทย

Change to English
 แสดงรายละเอียดบรรณานุกรม
  กลับหน้าหลัก

Brief Record : Get Marc (ISO 2709) : E-mail record : QR code < ปิดหน้าต่าง
LEADER : 00000nam 2200000uu 4500
001    13399125908
003     ULIB
008    170925s2560||||th 000 0 tha d
020    ^a9786164071315
060    ^aWH140^bน191D
100    ^aนภชาญ เอื้อประเสริฐ, จันทนา ผลประเสริฐ.
245    ^aDiagnostic Approach in Hematology Laboratory Interpretation and Clinical Correlation/^bนภชาญ เอื้อประเสริฐ, จันทนา ผลประเสริฐ.
250    พิมพ์ครั้งที่ ^a2
260    ^aกรุงเทพฯ :^bโรงพิมพ์แห่งจุฬาลงกรณ์มหาวิทยาลัย,^c2560
300    ^a402 หน้า;^c26 ซม.
650    ^aHematology
650  0 ^aDiagnostic Approach
945    ^p400^l0^i25625
945    ^p400^l0^i25626
999    ^aกัณชพร จุลอักษร
รายการนี้ยังไม่มีแท็ก
คุณยังไม่ได้ล็อกอิน คุณสามารถมีกิจกรรมร่วมกับเว็บไซต์ได้ แต่ต้องล็อกอินก่อน ::
  ล็อกอิน

รายการสื่อสารสนเทศ

ลำดับที่ ประเภท เลขเรียก/บาร์โค้ด สถานที่ สถานะ
1. วิทยาศาสตร์การแพทย์ และสุขภาพ
หนังสือสำรอง
สถานะ=หนังสือสำรอง
WH140 น191D ฉ.1 
  Barcode: 25625
ห้องสมุดวิทยาเขตนครสวรรค์
►หนังสือทั่วไป:l:General Books
บนชั้น
2. วิทยาศาสตร์การแพทย์ และสุขภาพ
วิทยาศาสตร์การแพทย์ และสุขภาพ
WH140 น191D ฉ.2 
  Barcode: 25626
ห้องสมุดวิทยาเขตนครสวรรค์
►หนังสือทั่วไป:l:General Books
บนชั้น

รายการใกล้เคียง
    หัวเรื่อง [Hematology]
    หัวเรื่อง [Diagnostic Approach]

BibComment


ยังไม่เคยถูกคอมเมนท์

คอมเมนท์ทรัพยากรรายการนี้
  คอมเมนท์: Diagnostic Appro..


 Copyright 2026. Bcnsprnw @Library